[Event "TUR-chT 2nd League"]
[Site "Konya"]
[Date "2019.07.26"]
[Round "7.15"]
[White "Gocer, Onur Saygin"]
[Black "Aslan, Nevzat"]
[Result "1-0"]
[WhiteElo "1547"]
[BlackElo "1691"]
[PlyCount "26"]
[EventDate "2019.07.22"]
[EventType "team-swiss"]
[EventRounds "9"]
[EventCountry "TUR"]
[SourceTitle "CBM 191 Extra"]
[Source "ChessBase"]
[SourceDate "2019.09.30"]
[SourceVersion "1"]
[SourceVersionDate "2019.09.30"]
[SourceQuality "1"]
[WhiteTeam "Kahramanmaras Ustad"]
[BlackTeam "Seviye Dernegi"]
[WhiteTeamCountry "TUR"]
[BlackTeamCountry "TUR"]

1. e4 e5 2. Nf3 Nc6 3. d4 exd4 4. Nxd4 Bc5 5. Be3 Qf6 6. Nb5 Bxe3 7. fxe3 Qd8 8. Qg4 g6 9. Qf4 d6 10. Bc4 Ne5 11. 0-0 Qe7 12. N1c3 Be6 13. Bxe6 fxe6 1-0

[Event "TUR-chT 2nd League"]
[Site "Konya"]
[Date "2019.07.25"]
[Round "6.15"]
[White "Unal, Yusuf Evcim"]
[Black "Gocer, Onur Saygin"]
[Result "1-0"]
[WhiteElo "1652"]
[BlackElo "1547"]
[PlyCount "79"]
[EventDate "2019.07.22"]
[EventType "team-swiss"]
[EventRounds "9"]
[EventCountry "TUR"]
[SourceTitle "CBM 191 Extra"]
[Source "ChessBase"]
[SourceDate "2019.09.30"]
[SourceVersion "1"]
[SourceVersionDate "2019.09.30"]
[SourceQuality "1"]
[WhiteTeam "Altin Hamle Corum"]
[BlackTeam "Kahramanmaras Ustad"]
[WhiteTeamCountry "TUR"]
[BlackTeamCountry "TUR"]

1. e4 c6 2. d4 d5 3. exd5 cxd5 4. c4 e6 5. Nc3 Nf6 6. Nf3 a6 7. c5 Nc6 8. a3 Ne4 9. Qc2 Qa5 10. Rb1 Nxc3 11. b4 Qc7 12. Qxc3 f6 13. Rb2 Be7 14. g3 0-0 15. Bg2 e5 16. 0-0 e4 17. Bf4 Qd8 18. Nd2 f5 19. Be3 Bf6 20. Nb3 Bd7 21. a4 Rc8 22. b5 axb5 23. axb5 Na7 24. b6 Nc6 25. Ra2 Nb8 26. Ra7 Bb5 27. Rfa1 Rf7 28. Na5 Ba6 29. Bf1 Qxb6 30. cxb6 Rxc3 31. Bxa6 bxa6 32. Ra8 Rf8 33. b7 g5 34. Rb1 Be7 35. Rc1 Rxc1+ 36. Bxc1 f4 37. gxf4 gxf4 38. Bxf4 Rxf4 39. Rxb8+ Kf7 40. Rf8+ 1-0

[Event "Ankara Baskent Univ op-A 3rd"]
[Site "Ankara"]
[Date "2018.08.28"]
[Round "3"]
[White "Gocer, Onur Saygin"]
[Black "Gulbeyaz, Emir"]
[Result "0-1"]
[WhiteElo "1614"]
[BlackElo "2208"]
[PlyCount "78"]
[EventDate "2018.08.27"]
[EventType "swiss"]
[EventRounds "9"]
[EventCountry "TUR"]
[SourceTitle "CBM 187 Extra"]
[Source "ChessBase"]
[SourceDate "2018.11.04"]
[SourceVersion "1"]
[SourceVersionDate "2018.11.04"]
[SourceQuality "1"]

1. e4 g6 2. d4 Bg7 3. c4 d6 4. Be3 Nf6 5. f3 c6 6. Nc3 a6 7. a4 a5 8. Qd2 Na6 9. Nge2 Qc7 10. Rc1 e5 11. g4 Nb4 12. Ng3 0-0 13. d5 Nd7 14. h4 Nc5 15. Bxc5 dxc5 16. h5 Qe7 17. d6 Qf6 18. Be2 Rd8 19. Rd1 Qf4 20. Nf1 Be6 21. Kf2 Rd7 22. h6 Qxd2 23. Rxd2 Bf6 24. Ne3 Rad8 25. Nf5 Bg5 26. Rdd1 f6 27. Ne3 Rxd6 28. Rxd6 Rxd6 29. Rd1 Rd4 30. Rh1 Rd2 31. Rd1 Rd4 32. Rh1 Kf7 33. Rd1 Ke7 34. b3 Bg8 35. Rh1 Rd2 36. Rd1 Rb2 37. Rb1 Nd3+ 38. Kf1 Rxb1+ 39. Nxb1 Nc1 0-1

[Event "TUR-chT 2nd League"]
[Site "Konya"]
[Date "2018.07.22"]
[Round "9.15"]
[White "Gocer, Onur Saygin"]
[Black "Tuncer, Orcun Ege"]
[Result "0-1"]
[WhiteElo "1667"]
[BlackElo "1626"]
[PlyCount "104"]
[EventDate "2018.07.16"]
[EventType "team-swiss"]
[EventRounds "9"]
[EventCountry "TUR"]
[SourceTitle "EXT 2019"]
[Source "ChessBase"]
[SourceDate "2018.10.10"]
[SourceVersion "1"]
[SourceVersionDate "2018.10.10"]
[SourceQuality "1"]
[WhiteTeam "Kahramanmaras Ustad"]
[BlackTeam "Ayidin Nazilli Belediyesi"]
[WhiteTeamCountry "TUR"]
[BlackTeamCountry "TUR"]

1. e4 c5 2. Nf3 Nc6 3. Bb5 g6 4. Bxc6 bxc6 5. 0-0 Bg7 6. Re1 Nf6 7. e5 Nd5 8. c4 Nc7 9. d4 cxd4 10. Qxd4 Ne6 11. Qh4 Rb8 12. Nc3 h6 13. Rb1 Nc5 14. Qd4 d6 15. Qe3 0-0 16. Nd4 Qc7 17. b4 dxe5 18. Nxc6 Qxc6 19. bxc5 Be6 20. Rxb8 Rxb8 21. Nd5 Bxd5 22. cxd5 Qxd5 23. Qa3 Rb7 24. h3 Rc7 25. Be3 f5 26. f3 Kf7 27. Qa4 Qc6 28. Qb3+ e6 29. Rd1 Bf8 30. Kh1 e4 31. fxe4 Qxe4 32. Rd4 Qe5 33. Qd3 Be7 34. Bxh6 Rxc5 35. Rd7 Rd5 36. Rxd5 exd5 37. Be3 Qa1+ 38. Bg1 Qxa2 39. Qe3 a5 40. Qh6 Qa1 41. Qd2 Ke6 42. Qe3+ Kf6 43. Qb6+ Kf7 44. Qc6 Qd1 45. Qc3 a4 46. Qh8 Bf6 47. Qa8 a3 48. Qb7+ Be7 49. Kh2 Qd2 50. Qc7 a2 51. Bc5 Qe1 52. Bxe7 Qxe7 0-1

[Event "TUR-chT 2nd League"]
[Site "Konya"]
[Date "2018.07.20"]
[Round "7.14"]
[White "Gocer, Onur Saygin"]
[Black "Cimen, Etka Enes"]
[Result "1-0"]
[WhiteElo "1667"]
[BlackElo "1514"]
[PlyCount "74"]
[EventDate "2018.07.16"]
[EventType "team-swiss"]
[EventRounds "9"]
[EventCountry "TUR"]
[SourceTitle "EXT 2019"]
[Source "ChessBase"]
[SourceDate "2018.10.10"]
[SourceVersion "1"]
[SourceVersionDate "2018.10.10"]
[SourceQuality "1"]
[WhiteTeam "Kahramanmaras Ustad"]
[BlackTeam "Adamlari Amator"]
[WhiteTeamCountry "TUR"]
[BlackTeamCountry "TUR"]

1. e4 e5 2. Nf3 Nc6 3. Nc3 Nf6 4. Bb5 d6 5. d4 exd4 6. Nxd4 Bd7 7. 0-0 Be7 8. h3 0-0 9. Be3 a6 10. Bxc6 bxc6 11. f4 Rb8 12. Nb3 Be6 13. Qd3 Qc8 14. f5 Bd7 15. g4 c5 16. g5 Nh5 17. Nd5 Bd8 18. c4 Re8 19. Rf3 Bc6 20. Raf1 Bxd5 21. cxd5 Rb4 22. Nd2 Rxb2 23. Nc4 Rb5 24. Rd1 Qd7 25. Bc1 Be7 26. Re1 Qd8 27. h4 Bf8 28. e5 dxe5 29. Rxe5 Rxe5 30. Nxe5 Qd6 31. Nc4 Qd8 32. f6 g6 33. Qe4 Rb8 34. Re3 Nxf6 35. gxf6 Qxf6 36. Ne5 Rb4 37. Qf3 Qxh4 1-0

[Event "TUR-chT 2nd League"]
[Site "Konya"]
[Date "2018.07.17"]
[Round "3.15"]
[White "Kartal, Efe Onur"]
[Black "Gocer, Onur Saygin"]
[Result "1-0"]
[WhiteElo "1351"]
[BlackElo "1667"]
[PlyCount "59"]
[EventDate "2018.07.16"]
[EventType "team-swiss"]
[EventRounds "9"]
[EventCountry "TUR"]
[SourceTitle "EXT 2019"]
[Source "ChessBase"]
[SourceDate "2018.10.10"]
[SourceVersion "1"]
[SourceVersionDate "2018.10.10"]
[SourceQuality "1"]
[WhiteTeam "Calli Spor"]
[BlackTeam "Kahramanmaras Ustad"]
[WhiteTeamCountry "TUR"]
[BlackTeamCountry "TUR"]

1. e4 c6 2. Nf3 d5 3. exd5 cxd5 4. Ne5 Nf6 5. d4 Nbd7 6. f4 e6 7. Bd3 Qb6 8. c3 Bd6 9. Qe2 Qc7 10. 0-0 b6 11. Nd2 Bb7 12. a4 a6 13. Ndf3 0-0 14. Nd2 Nb8 15. g4 Nfd7 16. g5 g6 17. Qg4 Nc6 18. Ndf3 Ne7 19. Nxd7 Qxd7 20. Ne5 Bxe5 21. fxe5 Kg7 22. Rf6 Bc6 23. b3 Ng8 24. Rf2 b5 25. Ba3 Rfe8 26. Raf1 Ra7 27. Bc5 Rb7 28. Qh4 Qd8 29. Rxf7+ Rxf7 30. Rxf7+ 1-0

[Event "TUR-chT 2nd League"]
[Site "Konya"]
[Date "2017.07.22"]
[Round "8.9"]
[White "Taban, Yagiz"]
[Black "Gocer, Onur Saygin"]
[Result "0-1"]
[WhiteElo "1646"]
[BlackElo "1572"]
[PlyCount "42"]
[EventDate "2017.07.17"]
[EventType "team-swiss"]
[EventRounds "9"]
[EventCountry "TUR"]
[SourceTitle "CBM 179 Extra"]
[Source "ChessBase"]
[SourceDate "2017.08.23"]
[SourceVersion "1"]
[SourceVersionDate "2017.08.23"]
[SourceQuality "1"]
[WhiteTeam "Altin Hamle Corum"]
[BlackTeam "Kahramanmaras Ustad"]
[WhiteTeamCountry "TUR"]
[BlackTeamCountry "TUR"]

1. e4 c5 2. Nc3 Nc6 3. Nf3 d6 4. d4 cxd4 5. Nxd4 Nf6 6. f3 e6 7. Be3 Be7 8. Qd2 d5 9. exd5 Nxd5 10. Nxc6 bxc6 11. Nxd5 cxd5 12. Bb5+ Bd7 13. Bxd7+ Qxd7 14. 0-0 0-0 15. Rfd1 Rfc8 16. c3 Rab8 17. b4 Rc4 18. a4 Bf6 19. Ra3 Rbc8 20. Bc5 Qc7 21. a5 Rxc5 0-1

[Event "Ankara Baskent Univ op 2nd"]
[Site "Ankara"]
[Date "2017.07.01"]
[Round "2"]
[White "Keskin, Cengiz"]
[Black "Gocer, Onur Saygin"]
[Result "1-0"]
[WhiteElo "1501"]
[BlackElo "1572"]
[PlyCount "81"]
[EventDate "2017.06.30"]
[EventType "swiss"]
[EventRounds "9"]
[EventCountry "TUR"]
[SourceTitle "CBM 179 Extra"]
[Source "ChessBase"]
[SourceDate "2017.08.23"]
[SourceVersion "1"]
[SourceVersionDate "2017.08.23"]
[SourceQuality "1"]

1. e4 c5 2. Nf3 d6 3. Bc4 Nc6 4. 0-0 Nf6 5. d3 e6 6. c3 Be7 7. Nbd2 0-0 8. Re1 d5 9. Bb3 h6 10. Nf1 Qc7 11. Bd2 Rd8 12. Qc1 Bf8 13. h3 c4 14. dxc4 dxe4 15. Nd4 a6 16. Ng3 Na5 17. Nxe4 Nxe4 18. Rxe4 Nxc4 19. Bf4 Nd6 20. Be5 Qc5 21. Re1 b5 22. Qf4 Nc4 23. Bc2 Bb7 24. Nf3 Bxf3 25. gxf3 Rd2 26. Bd4 Qg5+ 27. Qxg5 hxg5 28. Be4 Rd8 29. b3 e5 30. Ba7 R2d7 31. bxc4 Rxa7 32. cxb5 axb5 33. Reb1 Rd2 34. Rxb5 Raxa2 35. Rxa2 Rxa2 36. Rxe5 Ra3 37. c4 f6 38. Rb5 Rc3 39. Kg2 Bd6 40. Rb7 Kh8 41. Rd7 1-0